<?xml version="1.0" encoding="UTF-8"?>
<record
    xmlns:xsi="http://www.w3.org/2001/XMLSchema-instance"
    xsi:schemaLocation="http://www.loc.gov/MARC21/slim http://www.loc.gov/standards/marcxml/schema/MARC21slim.xsd"
    xmlns="http://www.loc.gov/MARC21/slim">

  <leader>02209nam a2200301 i 4500</leader>
  <controlfield tag="003">DO-SdBNP</controlfield>
  <controlfield tag="005">20250813134723.0</controlfield>
  <controlfield tag="007">ta</controlfield>
  <controlfield tag="008">250813b2023    dr ab||| |||| 000 0 spa d</controlfield>
  <datafield tag="020" ind1=" " ind2=" ">
    <subfield code="a">9789945649703</subfield>
  </datafield>
  <datafield tag="040" ind1=" " ind2=" ">
    <subfield code="a">DO-SdBNP</subfield>
    <subfield code="b">spa</subfield>
    <subfield code="c">BNPHU</subfield>
    <subfield code="e">rda</subfield>
  </datafield>
  <datafield tag="041" ind1=" " ind2=" ">
    <subfield code="a">spa</subfield>
  </datafield>
  <datafield tag="082" ind1=" " ind2=" ">
    <subfield code="a">xxx</subfield>
    <subfield code="b">D542</subfield>
    <subfield code="2">22</subfield>
  </datafield>
  <datafield tag="100" ind1="1" ind2=" ">
    <subfield code="a">D&#xED;az, Pablo</subfield>
    <subfield code="e">autor</subfield>
    <subfield code="4">aut.</subfield>
    <subfield code="9">87617</subfield>
  </datafield>
  <datafield tag="245" ind1="1" ind2="0">
    <subfield code="a">Escuela de sommelier Pablo Diaz :</subfield>
    <subfield code="b">curso taller Enol&#xF3;gico /</subfield>
    <subfield code="c">Pablo Diaz</subfield>
  </datafield>
  <datafield tag="246" ind1="1" ind2="3">
    <subfield code="a">EL Vino :</subfield>
    <subfield code="b">explicado f&#xE1;cil /</subfield>
  </datafield>
  <datafield tag="264" ind1=" " ind2="4">
    <subfield code="a">Santo Domingo : </subfield>
    <subfield code="b">Asociaci&#xF3;n Dominicana de Sommeliers, </subfield>
    <subfield code="c">2023.</subfield>
  </datafield>
  <datafield tag="300" ind1=" " ind2=" ">
    <subfield code="a">220 P&#xE1;ginas : </subfield>
    <subfield code="b">ilustraciones, mapas </subfield>
    <subfield code="c">28 cm.</subfield>
  </datafield>
  <datafield tag="336" ind1=" " ind2=" ">
    <subfield code="a">texto</subfield>
    <subfield code="b">txt</subfield>
    <subfield code="2">rdacontent</subfield>
  </datafield>
  <datafield tag="337" ind1=" " ind2=" ">
    <subfield code="a">sin mediaci&#xF3;n</subfield>
    <subfield code="b">n</subfield>
    <subfield code="2">rdamedia</subfield>
  </datafield>
  <datafield tag="338" ind1=" " ind2=" ">
    <subfield code="a">volumen</subfield>
    <subfield code="b">nc</subfield>
    <subfield code="2">rdacarrier</subfield>
  </datafield>
  <datafield tag="500" ind1=" " ind2=" ">
    <subfield code="a">Diplomado de Enolog&#xED;a Sommeliers </subfield>
  </datafield>
  <datafield tag="500" ind1=" " ind2=" ">
    <subfield code="a">Fundada el 12 de agosto de 2001.</subfield>
  </datafield>
  <datafield tag="520" ind1=" " ind2=" ">
    <subfield code="a">Eres amante del vino pero te resulta complicado?
Te presento El vino explicado f&#xE1;cil. Siempre se ha hablado de lo complicado que es interpretar las etiquetas de los vinos franceses, por solo citar un solo caso, aqu&#xED; te lo explico de una manera f&#xE1;cil y simple, utilizando un m&#xE9;todo propio que no encontraras en ning&#xFA;n otro libro. No tengo dudas que despu&#xE9;s de leer El vino explicado facil te sentiras mas comodo y seguro, disfrutaras mas el vino, adem&#xE1;s de que enriquecer&#xE1;s tu nivel cultural, porque el vino no solo es placer para los sentidos, es un estilo de vida.

&#xBF;Qu&#xE9; encontrar&#xE1;s en este libro?

Clasificaci&#xF3;n del vino, C&#xF3;mo interpretar las etiquetas, T&#xE9;cnicas de cata (el CROS explicado paso a paso), Caracter&#xED;sticas organol&#xE9;pticas de las uvas m&#xE1;s emblem&#xE1;ticas, Principales regiones vin&#xED;colas y sus vinos representativos, El cognac y otros brandies, Principales vinos fortificados, M&#xE9;todo solera, Clasificaci&#xF3;n del vino, C&#xF3;mo interpretar las etiquetas, T&#xE9;cnicas de cata (el CROS explicado paso a paso), Caracter&#xED;sticas organol&#xE9;pticas de las uvas m&#xE1;s emblem&#xE1;ticas, Principales regiones vin&#xED;colas y sus vinos representativos. El cognac y otros brandies, Principales vinos fortificados M&#xE9;todo solera

&#xA1;Y mucho m&#xE1;s!
</subfield>
  </datafield>
  <datafield tag="590" ind1=" " ind2=" ">
    <subfield code="a">Inventariado, 2025/ YL</subfield>
  </datafield>
  <datafield tag="910" ind1=" " ind2=" ">
    <subfield code="a">Ylockward</subfield>
  </datafield>
  <datafield tag="942" ind1=" " ind2=" ">
    <subfield code="2">ddc</subfield>
    <subfield code="c">LBS1</subfield>
  </datafield>
  <datafield tag="952" ind1=" " ind2=" ">
    <subfield code="0">0</subfield>
    <subfield code="1">0</subfield>
    <subfield code="2">ddc</subfield>
    <subfield code="5">1</subfield>
    <subfield code="7">0</subfield>
    <subfield code="8">PD</subfield>
    <subfield code="a">BNPHU</subfield>
    <subfield code="b">BNPHU</subfield>
    <subfield code="c">CT</subfield>
    <subfield code="d">2025-06-24</subfield>
    <subfield code="e">Dep&#xF3;sito Legal</subfield>
    <subfield code="l">0</subfield>
    <subfield code="o">BNPHU PD xxx D542</subfield>
    <subfield code="p">2025-8412</subfield>
    <subfield code="r">2025-08-13</subfield>
    <subfield code="w">2025-08-13</subfield>
    <subfield code="y">LBS1</subfield>
  </datafield>
  <datafield tag="952" ind1=" " ind2=" ">
    <subfield code="0">0</subfield>
    <subfield code="1">0</subfield>
    <subfield code="2">ddc</subfield>
    <subfield code="5">1</subfield>
    <subfield code="7">0</subfield>
    <subfield code="8">PD</subfield>
    <subfield code="a">BNPHU</subfield>
    <subfield code="b">BNPHU</subfield>
    <subfield code="c">CT</subfield>
    <subfield code="d">2025-06-24</subfield>
    <subfield code="e">Dep&#xF3;sito Legal</subfield>
    <subfield code="l">0</subfield>
    <subfield code="o">BNPHU PD xxx D542</subfield>
    <subfield code="p">2025-8413</subfield>
    <subfield code="r">2025-08-13</subfield>
    <subfield code="t">e. 2</subfield>
    <subfield code="w">2025-08-13</subfield>
    <subfield code="y">LBS1</subfield>
  </datafield>
  <datafield tag="952" ind1=" " ind2=" ">
    <subfield code="0">0</subfield>
    <subfield code="1">0</subfield>
    <subfield code="2">ddc</subfield>
    <subfield code="5">6</subfield>
    <subfield code="7">0</subfield>
    <subfield code="8">DS</subfield>
    <subfield code="a">BNPHU</subfield>
    <subfield code="b">BNPHU</subfield>
    <subfield code="c">CT</subfield>
    <subfield code="d">2025-06-24</subfield>
    <subfield code="e">Dep&#xF3;sito Legal</subfield>
    <subfield code="l">0</subfield>
    <subfield code="o">BNPHU DS xxx D542</subfield>
    <subfield code="p">2025-8414</subfield>
    <subfield code="r">2025-08-13</subfield>
    <subfield code="t">e. 3</subfield>
    <subfield code="w">2025-08-13</subfield>
    <subfield code="y">LBS1</subfield>
  </datafield>
  <datafield tag="999" ind1=" " ind2=" ">
    <subfield code="c">59791</subfield>
    <subfield code="d">59791</subfield>
  </datafield>
</record>
